| 000 | 00606nam a2200193 a 4500 | ||
|---|---|---|---|
| 005 | 20140310183425.0 | ||
| 008 | 070927s19uu xx 00 eng d | ||
| 020 | _a0321437381 | ||
| 050 |
_aQA 76.76.D4 _b.P674 2007 |
||
| 100 | _aPoppendieck, Mary and Tom | ||
| 245 |
_aImplementing Lean Software Development : _bfrom concept to cash / _cMary and Tom Poppendieck. |
||
| 260 |
_aNew Jersey : _bAddison-Wesley, _c2007. |
||
| 300 |
_a276 p. : _bill. ; _c24 cm. |
||
| 521 | _aIT | ||
| 650 |
_aComputer software _xDevelopment. |
||
| 650 | _aProduction Management. | ||
| 942 |
_cBK _2lcc _kFOR |
||
| 999 |
_c22640 _d22640 |
||